<?xml version='1.0' encoding='UTF-8'?>
  <record xmlns="http://www.loc.gov/MARC21/slim">
    <leader>00000cam a2200000   4500</leader>
    <controlfield tag="001">ocm07707921</controlfield>
    <controlfield tag="003">OCoLC</controlfield>
    <controlfield tag="005">20251206031515.2</controlfield>
    <controlfield tag="008">810827s1934    ne a     b    000 0 eng  </controlfield>
    <datafield tag="010" ind1=" " ind2=" ">
      <subfield code="a">   35014272 </subfield>
    </datafield>
    <datafield tag="040" ind1=" " ind2=" ">
      <subfield code="a">DLC</subfield>
      <subfield code="b">eng</subfield>
      <subfield code="c">MUB</subfield>
      <subfield code="d">MUB</subfield>
      <subfield code="d">OCLCQ</subfield>
      <subfield code="d">CLU</subfield>
      <subfield code="d">OCLCF</subfield>
      <subfield code="d">OCLCQ</subfield>
      <subfield code="d">OCLCO</subfield>
      <subfield code="d">J9U</subfield>
      <subfield code="d">OCLCO</subfield>
      <subfield code="d">OCLCQ</subfield>
      <subfield code="d">OCLCL</subfield>
    </datafield>
    <datafield tag="019" ind1=" " ind2=" ">
      <subfield code="a">80623923</subfield>
      <subfield code="a">1554496042</subfield>
    </datafield>
    <datafield tag="029" ind1="1" ind2=" ">
      <subfield code="a">NLGGC</subfield>
      <subfield code="b">060226331</subfield>
    </datafield>
    <datafield tag="035" ind1=" " ind2=" ">
      <subfield code="a">(OCoLC)7707921</subfield>
      <subfield code="z">(OCoLC)80623923</subfield>
      <subfield code="z">(OCoLC)1554496042</subfield>
    </datafield>
    <datafield tag="050" ind1=" " ind2="4">
      <subfield code="a">QH205</subfield>
      <subfield code="b">.C5</subfield>
    </datafield>
    <datafield tag="100" ind1="1" ind2=" ">
      <subfield code="a">Cittert, Pieter Hendrik van,</subfield>
      <subfield code="d">1889-</subfield>
    </datafield>
    <datafield tag="245" ind1="1" ind2="0">
      <subfield code="a">Descriptive catalogue of the collection of microscopes in charge of the Utrecht university museum, with an introductory historical survey of the resolving power of the microscope, by P.H. van Cittert.</subfield>
    </datafield>
    <datafield tag="260" ind1=" " ind2=" ">
      <subfield code="a">Groningen (Holland)</subfield>
      <subfield code="b">P. Noordhoff n.v.,</subfield>
      <subfield code="c">1934.</subfield>
    </datafield>
    <datafield tag="300" ind1=" " ind2=" ">
      <subfield code="a">110 pages</subfield>
      <subfield code="b">illustrations, diagrams</subfield>
      <subfield code="c">25 cm</subfield>
    </datafield>
    <datafield tag="336" ind1=" " ind2=" ">
      <subfield code="a">text</subfield>
      <subfield code="b">txt</subfield>
      <subfield code="2">rdacontent</subfield>
    </datafield>
    <datafield tag="337" ind1=" " ind2=" ">
      <subfield code="a">unmediated</subfield>
      <subfield code="b">n</subfield>
      <subfield code="2">rdamedia</subfield>
    </datafield>
    <datafield tag="338" ind1=" " ind2=" ">
      <subfield code="a">volume</subfield>
      <subfield code="b">nc</subfield>
      <subfield code="2">rdacarrier</subfield>
    </datafield>
    <datafield tag="504" ind1=" " ind2=" ">
      <subfield code="a">"List of references": page 4.</subfield>
    </datafield>
    <datafield tag="650" ind1=" " ind2="0">
      <subfield code="a">Microscopy.</subfield>
    </datafield>
    <datafield tag="650" ind1=" " ind2="0">
      <subfield code="a">Microscopes.</subfield>
    </datafield>
    <datafield tag="610" ind1="2" ind2="0">
      <subfield code="a">Rijksuniversiteit te Utrecht.</subfield>
    </datafield>
    <datafield tag="650" ind1=" " ind2="6">
      <subfield code="a">Microscopie.</subfield>
    </datafield>
    <datafield tag="650" ind1=" " ind2="6">
      <subfield code="a">Microscopes.</subfield>
    </datafield>
    <datafield tag="650" ind1=" " ind2="7">
      <subfield code="a">microscopy.</subfield>
      <subfield code="2">aat</subfield>
    </datafield>
    <datafield tag="610" ind1="2" ind2="7">
      <subfield code="a">Rijksuniversiteit te Utrecht</subfield>
      <subfield code="2">fast</subfield>
    </datafield>
    <datafield tag="650" ind1=" " ind2="7">
      <subfield code="a">Microscopes</subfield>
      <subfield code="2">fast</subfield>
    </datafield>
    <datafield tag="650" ind1=" " ind2="7">
      <subfield code="a">Microscopy</subfield>
      <subfield code="2">fast</subfield>
    </datafield>
    <datafield tag="610" ind1="2" ind2="7">
      <subfield code="a">Rijksuniversiteit te Utrecht</subfield>
      <subfield code="2">nli</subfield>
    </datafield>
    <datafield tag="650" ind1=" " ind2="7">
      <subfield code="a">Microscopes</subfield>
      <subfield code="2">nli</subfield>
    </datafield>
    <datafield tag="650" ind1=" " ind2="7">
      <subfield code="a">Microscopy</subfield>
      <subfield code="2">nli</subfield>
    </datafield>
    <datafield tag="758" ind1=" " ind2=" ">
      <subfield code="i">has work:</subfield>
      <subfield code="a">Descriptive Catalogue of the Collection of Microscopes in charge of the Utrecht University Museum, with an introductory historical survey of the resolving power of the microscope. By P.H. van Cittert (Text)</subfield>
      <subfield code="1">https://id.oclc.org/worldcat/entity/E39PD3qp6rTwQrcthGMTWK7yMK</subfield>
      <subfield code="4">https://id.oclc.org/worldcat/ontology/hasWork</subfield>
    </datafield>
    <datafield tag="776" ind1="0" ind2="8">
      <subfield code="i">Online version:</subfield>
      <subfield code="a">Cittert, Pieter Hendrik van, 1889-</subfield>
      <subfield code="t">Descriptive catalogue of the collection of microscopes in charge of the Utrecht university museum, with an introductory historical survey of the resolving power of the microscope, by P.H. van Cittert.</subfield>
      <subfield code="d">Groningen (Holland) P. Noordhoff n.v., 1934</subfield>
      <subfield code="w">(OCoLC)595707102</subfield>
    </datafield>
  </record>